Metodický rozbor tematického celku Podniky a inštitúcie cestovného ruchu

Postavenie a význam predmetu v rámci sústavy odborných ekonomických predmetov. Metodický rozbor dvoch hodín z tematického celku Podniky a inštitúcie cestovného ruchu. Ide o úvodné hodiny žiakov štvrtého ročníka týkajúce sa právnych noriem upravujúcich činnosť podnikov cestovného ruchu a podstaty a t...

Ausführliche Beschreibung

Gespeichert in:
Bibliographische Detailangaben
1. Verfasser: Janotíková, Vilma
Format: Buchkapitel
Sprache:Slowakisch
Schlagworte:
Tags: Tag hinzufügen
Keine Tags, Fügen Sie das erste Tag hinzu!

MARC

LEADER 00000nla$a2200000$$$4500
001 0074169
005 20231215103611.7
041 0 |a slo 
044 |a SK 
245 1 0 |a Metodický rozbor tematického celku Podniky a inštitúcie cestovného ruchu  |c Vilma Janotíková 
520 |a Postavenie a význam predmetu v rámci sústavy odborných ekonomických predmetov. Metodický rozbor dvoch hodín z tematického celku Podniky a inštitúcie cestovného ruchu. Ide o úvodné hodiny žiakov štvrtého ročníka týkajúce sa právnych noriem upravujúcich činnosť podnikov cestovného ruchu a podstaty a typológie podnikov. 
610 2 0 |a ruch cestovný 
610 2 0 |a rozbory 
610 2 0 |a metodika 
610 2 0 |a vyučovanie 
100 1 |a Janotíková, Vilma